Výročná správa Národnej rady Slovenskej republiky za rok ...
| Corporate Authors: | , |
|---|---|
| Format: | Serial |
| Language: | Slovak |
| PhysicalDescription: | zv. fotogr. 30 cm |
| Published: |
Bratislava
Kancelária Národnej rady Slovenskej republiky
|
| ISBN: | 8089052193 (brož. : r. 2003) 8089052223 (brož. : r. 2004) 8080431136 (brož. : r. 2006) 9788089052912 (brož. : r. 2016) 9788089052400 (brož. : r. 2007) 9788089052943 (brož. : r. 2017) 9878089052967 (brož. : r. 2018) 9788099963031 (brož. : r. 2019) 9788099963109 (brož. : r. 2020) 9788099963116 (brož. : r. 2021) 9788099963161 (brož. : r. 2022) 9788099963192 (brož. : r. 2023) 9788099963208 (brož. : r. 2024) |
| Subjects: | |
| Online Access: | https://www.nrsr.sk/web/?sid=nrsr/kancelaria/pi/oa/vyrsprava |
MARC
| LEADER | 00000cas a2200000 a 4500 | ||
|---|---|---|---|
| 001 | vtls008425125 | ||
| 005 | 20260425194111.0 | ||
| 008 | 060119c19uu9999xo ar o0 b0slo | ||
| 015 | |a SNBB2006-(r. 2003, r. 2004) |a SNBB2019-(r. 2007, r. 2016, r. 2017, r. 2018) |a SNBB2020-(r. 2019) |a SNBB2021-(r. 2020) |a SNBB2022-(r. 2021) |a SNBB2024-(r. 2022) |a SNBB2025-(r. 2023) |a SNBB2026-(r. 2024) | ||
| 020 | |a 8089052193 (brož. : r. 2003) | ||
| 020 | |a 8089052223 (brož. : r. 2004) | ||
| 020 | |a 8080431136 (brož. : r. 2006) | ||
| 020 | |a 9788089052912 (brož. : r. 2016) | ||
| 020 | |a 9788089052400 (brož. : r. 2007) | ||
| 020 | |a 9788089052943 (brož. : r. 2017) | ||
| 020 | |a 9878089052967 (brož. : r. 2018) | ||
| 020 | |a 9788099963031 (brož. : r. 2019) | ||
| 020 | |a 9788099963109 (brož. : r. 2020) | ||
| 020 | |a 9788099963116 (brož. : r. 2021) | ||
| 020 | |a 9788099963161 (brož. : r. 2022) | ||
| 020 | |a 9788099963192 (brož. : r. 2023) | ||
| 020 | |a 9788099963208 (brož. : r. 2024) | ||
| 040 | |a SNK |b slo |c SNK |e AACR2 | ||
| 041 | 0 | |a slo | |
| 043 | |a e-xo--- | ||
| 044 | |a xo |c SK | ||
| 072 | 7 | |a 328 |x Zastupiteľské orgány. Vlády. Politické systémy jednotlivých krajín |2 konspekt | |
| 080 | |a 050 |2 2011 | ||
| 080 | |a 328.1 |2 2011 | ||
| 080 | |a (437.6) |2 2011 | ||
| 110 | 1 | |a Slovensko. |b Národná rada. |b Kancelária |9 168422 |4 aut | |
| 245 | 1 | 0 | |a Výročná správa Národnej rady Slovenskej republiky za rok ... |c Kancelária Národnej rady Slovenskej republiky |
| 246 | 1 | 3 | |a Výročná správa Národnej rady Slovenskej republiky a Kancelárie Národnej rady Slovenskej republiky za rok ... |f [2010]- |
| 260 | |a Bratislava |b Kancelária Národnej rady Slovenskej republiky | ||
| 300 | |a zv. |b fotogr. |c 30 cm | ||
| 310 | |a 1x ročne | ||
| 500 | |a Súčasťou názvu je označenie bežného roku | ||
| 500 | |a Popis podľa : R. 2003 | ||
| 500 | |a Názov z obalu | ||
| 500 | |a Spracoval: 2016-2024, Parlamentný inštitút | ||
| 650 | 0 | 7 | |a zákonodarné orgány |2 SNKPH |9 3645 |
| 650 | 0 | 7 | |a Legislative bodies |2 SNKPH |9 267628 |
| 651 | 7 | |a Slovensko |2 SNKPHgeo |9 14231 | |
| 651 | 7 | |a Slovakia |2 SNKPHgeo |9 92630 | |
| 655 | 7 | |a výročné správy |2 SNKPH |9 70580 | |
| 655 | 7 | |a Annual reports |2 SNKPH |9 265598 | |
| 710 | 1 | |a Slovensko. |b Národná rada. |b Kancelária. |b Parlamentný inštitút |4 com |9 156522 | |
| 856 | 4 | 1 | |u https://www.nrsr.sk/web/?sid=nrsr/kancelaria/pi/oa/vyrsprava |
| 919 | |a 80-89052-19-3 | ||
| 919 | |a 80-89052-22-3 | ||
| 919 | |a 80-8043-113-6 | ||
| 919 | |a 978-80-89052-91-2 | ||
| 919 | |a 978-80-89052-40-0 | ||
| 919 | |a 978-80-89052-94-3 | ||
| 919 | |a 978-80-89052-96-7 | ||
| 919 | |a 978-80-99963-03-1 | ||
| 919 | |a 978-80-99963-10-9 | ||
| 919 | |a 978-80-99963-11-6 | ||
| 919 | |a 978-80-99963-16-1 | ||
| 919 | |a 978-80-99963-19-2 | ||
| 919 | |a 978-80-99963-20-8 | ||
| 999 | |c 3940 |d 5870 | ||
| 952 | |a SNK |b SNK |y PREZ |7 0 |p 17A1520441 |o snkČSB 5340/2023 |i snk2025/4003 |8 0 |z Rok vydania: 2024 |0 0 |1 0 |4 0 |d 2025-03-05 |l 0 |r 2026-02-21 19:48:45 |w 2026-02-21 | ||
| 952 | |a SNK |b SNK |y PREZ |7 0 |p 17A1520442 |o snkČSB 5340/2023 D1 |i snk2025/4004 |8 0 |z Rok vydania: 2024 |0 0 |1 0 |4 0 |d 2025-03-05 |l 0 |r 2026-02-21 19:48:45 |w 2026-02-21 | ||
| 952 | |a SNK |b SNK |y PREZ |7 0 |p 17A1522289 |o snkČSB 5340/2022 |i snk2024/3665 |8 0 |z Rok vydania: 2023 |0 0 |1 0 |4 0 |d 2024-03-04 |l 0 |r 2026-02-21 19:53:09 |w 2026-02-21 | ||
| 952 | |a SNK |b SNK |y PREZ |7 0 |p 17A1522290 |o snkČSB 5340/2022 D1 |i snk2024/3666 |8 0 |z Rok vydania: 2023 |0 0 |1 0 |4 0 |d 2024-03-04 |l 0 |r 2026-02-21 19:53:09 |w 2026-02-21 | ||
| 952 | |a SNK |b SNK |y PREZ |7 0 |p 17A1461413 |o snkČSB 5340/2020 |i snk2021/19414 |8 0 |z Rok vydania: 2021 |0 0 |1 0 |4 0 |d 2021-11-29 |l 0 |r 2026-02-21 19:58:51 |w 2026-02-21 | ||
| 952 | |a SNK |b SNK |y PREZ |7 0 |p 17A1461588 |o snkČSB 5340/2020 D1 |i snk2021/19416 |8 0 |z Rok vydania: 2021 |0 0 |1 0 |4 0 |d 2021-11-29 |l 0 |r 2026-02-21 19:58:51 |w 2026-02-21 | ||
| 952 | |a SNK |b SNK |y PREZ |7 0 |p 17A1464398 |o snkČSB 5340/2021 |i snk2022/16269 |8 0 |z Rok vydania: 2022 |0 0 |1 0 |4 0 |d 2022-10-26 |l 0 |r 2026-02-21 20:02:28 |w 2026-02-21 | ||
| 952 | |a SNK |b SNK |y PREZ |7 0 |p 17A1464399 |o snkČSB 5340/2021 D1 |i snk2022/16270 |8 0 |z Rok vydania: 2022 |0 0 |1 0 |4 0 |d 2022-10-26 |l 0 |r 2026-02-21 20:02:28 |w 2026-02-21 | ||
| 952 | |a SNK |b SNK |y NEVYP |7 1 |p 17A0477744 |o snkČSB 5340/2004 |i snk2006/1254 |8 0 |0 0 |1 0 |4 0 |d 2006-01-19 |l 0 |r 2026-02-21 21:10:11 |w 2026-02-21 | ||
| 952 | |a SNK |b SNK |y VYP |7 0 |p 17A0477745 |o snkČSB 5340/2004 D1 |i snk2006/1255 |8 0 |0 0 |1 0 |4 0 |d 2006-01-19 |l 0 |r 2026-02-21 21:10:11 |w 2026-02-21 | ||
| 952 | |a SNK |b SNK |y PREZ |7 0 |p 17A0477742 |o snkČSB 5340/2003 |i snk2006/1252 |8 0 |0 0 |1 0 |4 0 |d 2006-01-19 |l 0 |r 2026-02-21 21:10:11 |w 2026-02-21 | ||
| 952 | |a SNK |b SNK |y VYP |7 0 |p 17A0477743 |o snkČSB 5340/2003 D1 |i snk2006/1253 |8 0 |0 0 |1 0 |4 0 |d 2006-01-19 |l 0 |r 2026-02-21 21:10:11 |w 2026-02-21 | ||
| 952 | |a SNK |b SNK |y PREZ |7 0 |p 17A1339818 |o snkČSB 5340/2016 D1 |i snk2019/1786 |8 0 |0 0 |1 0 |4 0 |d 2019-01-22 |l 0 |r 2026-02-21 21:57:39 |w 2026-02-21 | ||
| 952 | |a SNK |b SNK |y PREZ |7 0 |p 17A1339819 |o snkČSB 5340/2017 |i snk2019/1788 |8 0 |0 0 |1 0 |4 0 |d 2019-01-22 |l 0 |r 2026-02-21 21:57:39 |w 2026-02-21 | ||
| 952 | |a SNK |b SNK |y PREZ |7 0 |p 17A1339820 |o snkČSB 5340/2017 D1 |i snk2019/1790 |8 0 |0 0 |1 0 |4 0 |d 2019-01-22 |l 0 |r 2026-02-21 22:05:16 |w 2026-02-21 | ||
| 952 | |a SNK |b SNK |y PREZ |7 0 |p 17A1339815 |o snkČSB 5340/2007 |i snk2019/1779 |8 1 |0 0 |1 0 |4 0 |d 2019-01-22 |l 0 |r 2026-02-21 22:05:28 |w 2026-02-21 | ||
| 952 | |a SNK |b SNK |y PREZ |7 0 |p 17A1339816 |o snkČSB 5340/2007 D1 |i snk2019/1782 |8 1 |0 0 |1 0 |4 0 |d 2019-01-22 |l 0 |r 2026-02-21 22:05:28 |w 2026-02-21 | ||
| 952 | |a SNK |b SNK |y PREZ |7 0 |p 17A1339817 |o snkČSB 5340/2016 |i snk2019/1783 |8 0 |0 0 |1 0 |4 0 |d 2019-01-22 |l 0 |r 2026-02-21 22:05:28 |w 2026-02-21 | ||
| 952 | |a SNK |b SNK |y PREZ |7 0 |p 17A1382616 |o snkČSB 5340/2018 |i snk2019/30596 |8 0 |0 0 |1 0 |4 0 |d 2019-11-27 |l 0 |r 2026-02-21 22:15:28 |w 2026-02-21 | ||
| 952 | |a SNK |b SNK |y PREZ |7 0 |p 17A1382617 |o snkČSB 5340/2018 D1 |i snk2019/30598 |8 0 |0 0 |1 0 |4 0 |d 2019-11-27 |l 0 |r 2026-02-21 22:15:29 |w 2026-02-21 | ||
| 952 | |a SNK |b SNK |y PREZ |7 0 |p 17A1095484 |o snkČSB 5340/2019 |i snk2020/17718 |8 0 |z Rok vydania: 2020 |0 0 |1 0 |4 0 |d 2020-10-02 |l 0 |r 2026-02-21 22:16:09 |w 2026-02-21 | ||
| 952 | |a SNK |b SNK |y PREZ |7 0 |p 17A1095485 |o snkČSB 5340/2019 D1 |i snk2020/17719 |8 0 |z Rok vydania: 2020 |0 0 |1 0 |4 0 |d 2020-10-02 |l 0 |r 2026-02-21 22:16:09 |w 2026-02-21 | ||
| 952 | |t 1 |a SNK |b SNK |c SNK_KF |y PREZ |7 8 |p 17A1556566 |o snkČSB 5340/2024 |i snk2026/3023 |8 0 |g 0.00 |z Rok vydania: 2025 |0 0 |1 0 |2 udc |4 0 |d 2026-03-05 |l 0 |r 2026-03-05 07:18:30 |w 2026-03-05 | ||
| 952 | |t 2 |a SNK |b SNK |y PREZ |7 0 |p 17A1556567 |o snkČSB 5340/2024 D1 |i snk2026/3024 |8 0 |g 0.00 |z Rok vydania: 2025 |0 0 |1 0 |2 udc |4 0 |d 2026-03-05 |l 0 |r 2026-03-05 07:20:44 |w 2026-03-05 | ||


